<?xml version="1.0" encoding="UTF-8"?>
<record
    xmlns:xsi="http://www.w3.org/2001/XMLSchema-instance"
    xsi:schemaLocation="http://www.loc.gov/MARC21/slim http://www.loc.gov/standards/marcxml/schema/MARC21slim.xsd"
    xmlns="http://www.loc.gov/MARC21/slim">

  <leader>02205agaaa2200313   4500</leader>
  <controlfield tag="001">6403</controlfield>
  <controlfield tag="003">IT-RoPAU</controlfield>
  <controlfield tag="005">20220918181241.0</controlfield>
  <controlfield tag="007">d cvaizq</controlfield>
  <controlfield tag="008">50131s9999||||xx ||| |     ||   ||und||</controlfield>
  <datafield tag="040" ind1=" " ind2=" ">
    <subfield code="a">IT-RoPAU</subfield>
    <subfield code="c">IT-RoPAU</subfield>
  </datafield>
  <datafield tag="041" ind1=" " ind2=" ">
    <subfield code="a">ITALIANO</subfield>
  </datafield>
  <datafield tag="100" ind1=" " ind2=" ">
    <subfield code="a">Tornatore Giuseppe</subfield>
    <subfield code="g">Codice regista SPICS: 32778</subfield>
    <subfield code="9">45128</subfield>
  </datafield>
  <datafield tag="130" ind1=" " ind2=" ">
    <subfield code="a">NUOVO CINEMA PARADISO</subfield>
    <subfield code="9">45129</subfield>
  </datafield>
  <datafield tag="245" ind1=" " ind2=" ">
    <subfield code="a">NUOVO CINEMA PARADISO</subfield>
    <subfield code="c">Prodotto da: Cristaldi Franco -- Sceneggiatura: Tornatore Giuseppe -- Diretto da: Tornatore Giuseppe</subfield>
    <subfield code="p">NUOVO CINEMA PARADISO (Rif. Codice opera principale : H6403)</subfield>
  </datafield>
  <datafield tag="250" ind1=" " ind2=" ">
    <subfield code="a">Edizione Standard</subfield>
  </datafield>
  <datafield tag="260" ind1=" " ind2=" ">
    <subfield code="a">ROMA - PARIGI (ITALIA - FRANCIA)</subfield>
    <subfield code="b">CRISTALDIFILM - FILMS ARIANE / Distribuzione: IL MESSAGGERO</subfield>
    <subfield code="g">"1989 (1&#xB0; ed.: 2006 ; Ed. Lingua Orig.: 1989)"</subfield>
  </datafield>
  <datafield tag="300" ind1=" " ind2=" ">
    <subfield code="a">DVD</subfield>
    <subfield code="b">sonoro, col.</subfield>
    <subfield code="c">118 minuti</subfield>
  </datafield>
  <datafield tag="508" ind1=" " ind2=" ">
    <subfield code="a">"Fotografia: Giurato Blasco; Montaggio: Morra Mario; Musica: Morricone Ennio; Sceneggiatura: Tornatore Giuseppe; Scenografia: Crisanti Andrea; "</subfield>
  </datafield>
  <datafield tag="511" ind1=" " ind2=" ">
    <subfield code="a">"Noiret Philippe; Cascio Salvatore; Perrin Jacques; Attili Antonella; Cannavale Enzo"</subfield>
  </datafield>
  <datafield tag="520" ind1=" " ind2=" ">
    <subfield code="a">SALVATORE, REGISTA DI SUCCESSO, RITORNA NELLA SUA SICILIA PER IL FUNERALE DEL SUO CARO AMICO ALFREDO DOPO TRENT'ANNI DI LONTANANZA. LA MEMORIA LO RIPORTA AGLI ANNI DELLA SUA INFANZIA, IN CUI LA FIGURA CARISMATICA DI ALFREDO LO GUIDA FINO ALL'ADOLESCENZA, TRASMETTENDOGLI L'AMORE PER IL CINEMA. UNO SPACCATO DI STORIA E CULTURA VISTO DA UNA SALA CINEMATOGRAFICA, IN CUI IL MODO DI CONSUMARE IL CINEMA SI E' ORMAI PERDUTO: QUANDO I PRETI CENSURAVANO IBACI E LE SCENE PIU' O MENO EROTICHE E IL PUBBLICO RIDEVA E PIANGEVA CON IFILM DI TOTO' E JOHN FORD. IL SUSSEGUIRSI DOLCE-AMARO DEGLI EVENTI CREA UMORI E ATMOSFERE CHE SUSCITANO EMOZIONI PROFONDE. VINCITORE DEL PREMIO OSCARCOME MIGLIOR FILM STRANIERO 1989.</subfield>
  </datafield>
  <datafield tag="538" ind1=" " ind2=" ">
    <subfield code="a">PAL, STEREO</subfield>
  </datafield>
  <datafield tag="546" ind1=" " ind2=" ">
    <subfield code="a">ITALIANO</subfield>
  </datafield>
  <datafield tag="650" ind1=" " ind2=" ">
    <subfield code="a">DRAMMA - ROMANTIC</subfield>
    <subfield code="e">DVD-FILM [DVD]</subfield>
    <subfield code="x">Codice MATERIA SPICS: 9947</subfield>
    <subfield code="9">36786</subfield>
  </datafield>
  <datafield tag="700" ind1=" " ind2=" ">
    <subfield code="a">Morricone Ennio</subfield>
    <subfield code="e">(musica)</subfield>
    <subfield code="g">Codice Musica SPICS: 3535</subfield>
    <subfield code="9">45130</subfield>
  </datafield>
  <datafield tag="700" ind1=" " ind2=" ">
    <subfield code="a">Tornatore Giuseppe </subfield>
    <subfield code="e">(regista)</subfield>
    <subfield code="g">Codice regista SPICS: 32778</subfield>
    <subfield code="9">45131</subfield>
  </datafield>
  <datafield tag="700" ind1=" " ind2=" ">
    <subfield code="a">Tornatore Giuseppe </subfield>
    <subfield code="e">(soggetto)</subfield>
    <subfield code="g">Codice Soggetto SPICS: 32778</subfield>
    <subfield code="9">45132</subfield>
  </datafield>
  <datafield tag="942" ind1=" " ind2=" ">
    <subfield code="c">DV</subfield>
    <subfield code="2">ddc</subfield>
  </datafield>
  <datafield tag="999" ind1=" " ind2=" ">
    <subfield code="c">106103</subfield>
    <subfield code="d">106103</subfield>
  </datafield>
  <datafield tag="952" ind1=" " ind2=" ">
    <subfield code="0">0</subfield>
    <subfield code="1">0</subfield>
    <subfield code="4">0</subfield>
    <subfield code="6">H_6403_000000000000000</subfield>
    <subfield code="7">1</subfield>
    <subfield code="a">SPICS</subfield>
    <subfield code="b">SPICS</subfield>
    <subfield code="d">2015-01-31</subfield>
    <subfield code="l">0</subfield>
    <subfield code="o">H6403</subfield>
    <subfield code="r">2015-01-31 00:00:00</subfield>
    <subfield code="w">2015-01-31</subfield>
    <subfield code="y">DV</subfield>
    <subfield code="z">Progr. Ins.: 3420 / N.Vol.:1 / Copie: 1 / Pag.:0 / Copia rara: n.d. / date import: 1.2.2015 / By Epidotti, Trombetti, Vaglietti</subfield>
  </datafield>
</record>
